| 000 | 00331nam a22001217a 4500 | ||
|---|---|---|---|
| 008 | 160421b xxu||||| |||| 00| 0 eng d | ||
| 020 | _a9780323013994 | ||
| 020 | _a0323013996 | ||
| 041 | _aeng | ||
| 080 | _a618.2 | ||
| 245 |
_aMaternal child nursing care: _cDonna L.Wong;Shannon E. Perry ; Marilyn J. Hockenberry; |
||
| 942 |
_2udc _cBK |
||
| 999 |
_c1483 _d1483 |
||